American Top 40 Surnames Quiz Stats

Quiz Updated May 7, 2015

Challenge
Share
Tweet
Embed
Score 0/40 Timer 05:00
1 Play Today
% Correct
Smith
91.1%
Brown
90.9%
Johnson
90.2%
Jones
89.5%
Adams
87.6%
Williams
87.5%
Jackson
85.5%
Miller
85.3%
Anderson
84.4%
Davis
83.5%
White
80.4%
Wilson
80.4%
Young
78.3%
Thomas
77.4%
Thompson
76.7%
Baker
75%
Taylor
74.8%
Robinson
73.6%
Green
73.3%
Harris
73.1%
% Correct
Clark
72.8%
Lee
71.6%
Walker
71.2%
Martin
70.1%
Garcia
69.1%
Lewis
68.7%
Rodriguez
68.5%
Moore
68.2%
Gonzalez
66.3%
Martinez
66%
Lopez
65.4%
King
64%
Allen
62.8%
Hernandez
61.3%
Hall
58.5%
Scott
55%
Sanchez
53.1%
Nelson
52.8%
Wright
48.5%
Perez
47.1%

You're not logged in!

Compare scores with friends on all Sporcle quizzes.
Sign Up with Email
OR
Log In

You Might Also Like...

Show Comments

Extras

Top Quizzes Today


Score Distribution

Your Account Isn't Verified!

In order to create a playlist on Sporcle, you need to verify the email address you used during registration. Go to your Sporcle Settings to finish the process.